| 000 | 00542nam a22002057a 4500 | ||
|---|---|---|---|
| 003 | OSt | ||
| 005 | 20150511142514.0 | ||
| 008 | 150511b xxu||||| |||| 00| 0 eng d | ||
| 020 | _a0727913778 | ||
| 040 | _cDDC | ||
| 082 | _aWW 100 F382b 1999 | ||
| 100 |
_aFerris John _94587 |
||
| 245 |
_aBasic Sciences in Ophthalmology: _bA self Assessment text / |
||
| 250 | _a2nd ed. | ||
| 260 |
_aLondon: _bBMJ Books; _c1999. |
||
| 300 |
_axiii,480 p : _bill; _c25 cm |
||
| 504 | _aIncludes index. | ||
| 650 |
_aOphthalmology _9338 |
||
| 942 |
_2z _cSLOAN |
||
| 999 |
_c1739 _d1739 |
||